Sổ tay y học gia đình: Hướng dẫn y tế đối với trẻ em và trẻ sơ sinh (Những bệnh ở trẻ em: Triệu chứng, cách phòng ngừa, công việc cần làm)
Zapisane w:
| 1. autor: | |
|---|---|
| Format: | Książka |
| Język: | Undetermined |
| Wydane: |
Đồng Nai
Nxb. Đồng Nai
1999
|
| Hasła przedmiotowe: | |
| Etykiety: |
Dodaj etykietę
Nie ma etykietki, Dołącz pierwszą etykiete!
|
| Thư viện lưu trữ: | Trung tâm Học liệu Trường Đại học Cần Thơ |
|---|
| LEADER | 00690nam a2200169Ia 4500 | ||
|---|---|---|---|
| 001 | CTU_37242 | ||
| 008 | 210402s9999 xx 000 0 und d | ||
| 082 | |a 616.92 | ||
| 082 | |b H450 | ||
| 100 | |a Lê Thị Ngọc Hồ | ||
| 245 | 0 | |a Sổ tay y học gia đình: Hướng dẫn y tế đối với trẻ em và trẻ sơ sinh (Những bệnh ở trẻ em: Triệu chứng, cách phòng ngừa, công việc cần làm) | |
| 245 | 0 | |c Lê Thị Ngọc Hồ | |
| 260 | |a Đồng Nai | ||
| 260 | |b Nxb. Đồng Nai | ||
| 260 | |c 1999 | ||
| 650 | |a children - health and hygiene,pediatrics | ||
| 980 | |a Trung tâm Học liệu Trường Đại học Cần Thơ | ||